000 00690nam a2200265Ia 4500
003 OSt
005 20220918163503.0
006 a|||||r|||| 00| 0
007 ta
008 220917b |||||||| |||| 00| 0 eng d
020 _a0048000272
024 _a37,585
037 _cTextual
040 _aARTS
_cARTS
_beng
041 _2eng
_aeng
082 _aO13,1D30,1, 111M6
100 _aMueller Martin
_913404
245 0 _aIiiad
260 _aLondon
_bAllen And Unwin UK
_c1986
300 _a210p.
_ccm.
490 _aUnwin critical library
650 _aENGLISH LITERATURE
942 _hO13,1D30,1, 111M6
_cTEXL
_2CC
999 _c119815
_d119815